000 01234nam a2200313Ia 4500
001 ebr10103745
003 CaPaEBR
006 m u
007 cr cn|||||||||
008 030224s2003 nyu sb 001 0 eng d
010 _z 2003042939
020 _z0333986393
040 _aCaPaEBR
_cCaPaEBR
035 _a(OCoLC)70750019
050 1 4 _aP295
_b.C485 2003eb
082 0 4 _a415
_221
100 1 _aChipere, Ngoni,
_d1965-
245 1 0 _aUnderstanding complex sentences
_h[electronic resource] :
_bnative speaker variation in syntactic competence /
_cNgoni Chipere.
260 _aNew York :
_bPalgrave Macmillan,
_c2003.
300 _axvi, 248 p.
504 _aIncludes bibliographical references and index.
533 _aElectronic reproduction.
_bPalo Alto, Calif. :
_cebrary,
_d2009.
_nAvailable via World Wide Web.
_nAccess may be limited to ebrary affiliated libraries.
650 0 _aGrammar, Comparative and general
_xSyntax.
650 0 _aPsycholinguistics.
650 0 _aLanguage and languages
_xVariation.
655 7 _aElectronic books.
_2local
710 2 _aebrary, Inc.
856 4 0 _uhttp://site.ebrary.com/lib/rucke/Doc?id=10103745
_zAn electronic book accessible through the World Wide Web; click to view
999 _c206404
_d206404